000 00771nam a2200205 a 4500
020 _a0309040191 (pbk.)
082 0 0 _a625.7 s
_a625.76
_bEVA
245 0 0 _aEvaluating alternative maintenance strategies /
_cB.C. Butler, Jr. ... [et al.].
260 _aWashington, D.C. :
_bTransportation Research Board, National Research Council,
_c[1986]
300 _a86 p. :
_bill. ;
_c28 cm.
490 1 _aNational Cooperative Highway Research Program report,
500 _a"June 1986."
526 _a0
_b0
_c0
_d625_700000000000000_S_EVA
650 0 _aBridges
_xMaintenance and repair.
_9802
650 0 _aMCE
_9379
650 0 _aPavements
_xMaintenance and repair.
_920806
700 1 _aButler, B. C.
_943708
710 2 _aNational Research Council (U.S.).
_920017
942 _2ddc
_cBK
999 _c547520
_d547520